| 000 | 01505nam a2200241Ia 4500 | ||
|---|---|---|---|
| 003 | Ost | ||
| 005 | 20260507074845.0 | ||
| 008 | 260507s9999||||xx |||||||||||||| ||und|| | ||
| 020 | _a80460699319 | ||
| 040 | _cfsecg | ||
| 041 | _aara | ||
| 082 | _a351 | ||
| 100 |
_aغويني، العربي _eمؤلف |
||
| 245 | 0 |
_aاصلاح الادارة المحلية كطريق لتحقيق التنمية المحلية في الوطن العربي مع الاشارة لحالة الجزائر / _c العربي غويني |
|
| 260 |
_aالجزائر: _bالنشر الجديد الجامعي, _c2016 |
||
| 300 |
_a159 صفحة؛ _bإيضاحات ؛ _c20 سم |
||
| 504 | _aبيبليوغرافيا : ص.153 | ||
| 520 | _aفي هذا الكتاب مقدمات ضرورية لدراسة الادارة المحلية ، واقع ومجال تدخل الادارة المحلية الجزائرية ، منطلقات اصلاح الادارة المحلية في الوطن العربي ، خلق مصادر جديدة للتمويل والور المنتظر للادارة المحلية في اطار الشراكة ، مستقبل الادارة المحلية الالكترونية في الوطن العربي ، أساليب جديدة لمراقبة المال العام وترقية أداء الادارة المحلية ، خاتمة | ||
| 653 | _aالادارة العامة | ||
| 653 | _aالأقليات | ||
| 653 | _aالجزائر - الادارة لمحلية | ||
| 942 | _cكتاب | ||
| 999 |
_c41533 _d41533 |
||